Aristophanes and the definition of comedy / (Record no. 68)

MARC details
000 -LEADER
fixed length control field 00826cam a22002898a 4500
001 - CONTROL NUMBER
control field 3476463
003 - CONTROL NUMBER IDENTIFIER
control field OSt
005 - DATE AND TIME OF LATEST TRANSACTION
control field 20200421093818.0
008 - FIXED-LENGTH DATA ELEMENTS--GENERAL INFORMATION
fixed length control field 020624r20022000enk 000 0 eng
015 ## - NATIONAL BIBLIOGRAPHY NUMBER
National bibliography number GBA2-W5170
016 7# - NATIONAL BIBLIOGRAPHIC AGENCY CONTROL NUMBER
Record control number 019925382x
Source Uk
020 ## - INTERNATIONAL STANDARD BOOK NUMBER
International Standard Book Number 019925382X(pbk.) :
Terms of availability £17.99
035 ## - SYSTEM CONTROL NUMBER
System control number (Uk)gb A20W5170
035 ## - SYSTEM CONTROL NUMBER
System control number 706358
040 ## - CATALOGING SOURCE
Original cataloging agency BDS
Transcribing agency BDS
Modifying agency Uk
082 04 - DEWEY DECIMAL CLASSIFICATION NUMBER
Classification number 882.01
Edition information 21
100 1# - MAIN ENTRY--PERSONAL NAME
Personal name Silk, M. S.
Fuller form of name (Michael Stephen),
Dates associated with a name 1941-
9 (RLIN) 45
245 10 - TITLE STATEMENT
Title Aristophanes and the definition of comedy /
Statement of responsibility, etc. M.S. Silk.
260 ## - PUBLICATION, DISTRIBUTION, ETC.
Place of publication, distribution, etc. Oxford :
Name of publisher, distributor, etc. Oxford University Press,
Date of publication, distribution, etc. 2002, c2000.
263 ## - PROJECTED PUBLICATION DATE
Projected publication date 200209
300 ## - PHYSICAL DESCRIPTION
Extent 456 p. ;
Dimensions 22cm.
500 ## - GENERAL NOTE
General note Originally published: 2000.
500 ## - GENERAL NOTE
General note Includes index.
504 ## - BIBLIOGRAPHY, ETC. NOTE
Bibliography, etc. note Bibliography.
600 00 - SUBJECT ADDED ENTRY--PERSONAL NAME
Personal name Aristophanes
General subdivision Criticism and interpretation.
9 (RLIN) 702
942 ## - ADDED ENTRY ELEMENTS (KOHA)
Source of classification or shelving scheme Dewey Decimal Classification
Koha item type Books
Holdings
Withdrawn status Lost status Damaged status Not for loan Collection Home library Current library Shelving location Date acquired Barcode Date last seen Price effective from Koha item type
        Reference Centerville Centerville General stacks 09/04/2014 39999000002775 09/04/2014 09/04/2014 Books
        Reference Centerville Centerville General stacks 09/04/2014 39999000002799 09/04/2014 09/04/2014 Books
        Reference Midway Midway General stacks 09/04/2014 39999000002751 09/04/2014 09/04/2014 Books